000 00667nam a22002177a 4500
999 _c254387
_d254386
003 OSt
005 20231107100149.0
008 160608b xxu||||| |||| 00| 0 eng d
010 _a2012940853
020 _a9781446207895 (hbk.)
020 _a1446207897 (hbk.)
020 _a 1446207900 (pbk.)
020 _a 9781446207901 (pbk.)
040 _cUKMGB
_aUKMGB
_dDLC
050 _aLB 1607
_b.M4 2013
245 _aProfessional Issues in Secondary Teaching
_c Edited by:Carrie Mercier , Carey Philpott , Helen Scott.
250 _a1st Edn.
260 _aLondon :
_bSAGE,
_c2013.
300 _axii, 228 pages :
_b illustrations ;
_c 24 cm
942 _2lcc
_cBK